000 00614nam a22001697a 4500
999 _c20443
_d20443
003 OSt
005 20240814144355.0
008 240814b ||||| |||| 00| 0 eng d
040 _c0
082 _aDPer 507 J826 September 2019 - June 2020 v.49 n. 1-5
100 _aHe, Yunteng.
_eauthor.
_957710
245 _aConstructive error climate:
_ba classroom assessment technique in science classes /
_cYunteng He
260 _aArlington USA;
_bNational Science Teaching Association,
_cMarch/April 2020.
300 _avolume 49, pages 37-40,
_billustration.
700 _aHe, Yunteng.
_eauthor.
_957710
942 _2ddc
_cPER